00415pab a2200145 454500008004000000100002200040245009400062260000900156300001400165362000800179650001900187650003100206650001600237773001600253180718b2004 xxu||||| |||| 00| 0 eng d aPolack, Robert J. aSocial justice and the global economy: new challenges for social work in the 21st century c2004 ap.281-90. aApr aSocial justice aSocial work - 21st century aSocial work aSocial Work